• 首页
  • 本馆介绍
  • 公告通知
  • 最新文献
  • 馆藏检索
  • 电子资源
  • 读者导购
  • 参考咨询
  • 我的图书馆
  • 登录
  • 详细信息显示
  • 放入我的书架
  • 预约/预借图书
  • 作者相关作品
  • 分类相关作品
  • 丛书相关作品
  • 出版社相关作品

书目信息

  • 表格格式
  • 工作单格式
  • 卡片格式
题名:
正说历朝十大冤案
    
 
作者: 如果石絮 著
分册:  
出版信息: 北京   京华出版社  2007
页数: 297页
开本: 23cm
丛书名:
单 册:
中图分类: K220.5
科图分类:
主题词: 历史事件--中国--古代 , 历史事件
电子资源:
ISBN: 978-7-80724-351-9
000 00792nam0 2200241 45
001 1029970035
005 20100429091023.98
010    @a978-7-80724-351-9@dCNY27.00
100    @a20100420d2007 ekmy0chiy0120 ea
101 0  @achi
102    @aCN@b110000
105    @aa z 000yd
106    @ar
200 1  @a正说历朝十大冤案@AZheng Shuo Li Chao Shi Da Yuan An@f如果石絮著@FRu Guo Shi Xu Zhu
210    @a北京@c京华出版社@d2007
215    @a297页@c图@d23cm
330    @a本书选取了中国历史上有代表性的十大冤案,力求从卷帙浩繁的史料中剥茧抽丝,去伪存真,再现历史当事人之间的“博弈”或者说选择。
606 0  @a历史事件@y中国@z古代
606 0  @a历史事件
690    @aK220.5@v4
701  0 @a如果石絮@ARu Guo Shi Xu@4著
801  0 @aCN@bTANGWEI@c20100429
905    @b0595050-54@dK220.5@e58@f5
    
    正说历朝十大冤案/如果石絮著.-北京:京华出版社,2007
    297页:图;23cm
    
    
    ISBN 978-7-80724-351-9:CNY27.00
    本书选取了中国历史上有代表性的十大冤案,力求从卷帙浩繁的史料中剥茧抽丝,去伪存真,再现历史当事人之间的“博弈”或者说选择。
●
相关链接 在E读中查询图书 在五车中查询图书 在当当中查询图书 在豆瓣中查询图书


正题名:正说历朝十大冤案     索取号:K220.5/58         预约/预借

序号 登录号 条形码 馆藏地/架位号 状态 备注
1 0595050   205950504   第二样本阅览室/ [索取号:K220.5/58] 在馆    
2 0595051   205950513   第二借阅区/ [索取号:K220.5/58] 在馆    
3 0595052   205950522   第二借阅区/ [索取号:K220.5/58] 在馆    
4 0595053   205950531   第二借阅区/ [索取号:K220.5/58] 在馆    
5 0595054   205950540   第二借阅区/ [索取号:K220.5/58] 在馆    
唐山师范学院图书馆 欢迎您!
大连网信软件有限公司© 版权所有